Ahorro y préstamo para la vivienda (Registro nro. 5180)
[ vista simple ]
| 000 -LEADER | |
|---|---|
| fixed length control field | 01430 a2200217 4500 |
| 001 - CONTROL NUMBER | |
| control field | 53324 |
| 005 - DATE AND TIME OF LATEST TRANSACTION | |
| control field | 20260407155807.0 |
| 008 - FIXED-LENGTH DATA ELEMENTS--GENERAL INFORMATION | |
| fixed length control field | 260407a1981 arg spa d |
| 003 - CONTROL NUMBER IDENTIFIER | |
| control field | AR-UNSa-BCEJYS |
| 040 ## - CATALOGING SOURCE | |
| Original cataloging agency | AR-UNSa-BCEJYS |
| Language of cataloging | spa |
| Transcribing agency | AR-UNSa-BCEJYS |
| 080 ## - UNIVERSAL DECIMAL CLASSIFICATION NUMBER | |
| Universal Decimal Classification number | 330.567.2 |
| Common auxiliary subdivision | Gastos. Consumo. Ahorro. Economía de los particulares |
| 100 1# - MAIN ENTRY--PERSONAL NAME | |
| Personal name | Ribas, Armando P. |
| 245 10 - TITLE STATEMENT | |
| Title | Ahorro y préstamo para la vivienda |
| Name of part/section of a work | Financiamiento y ajuste monetario |
| 264 #1 - PRODUCTION, PUBLICATION, DISTRIBUTION, MANUFACTURE, AND COPYRIGHT NOTICE | |
| Place of production, publication, distribution, manufacture | Buenos Aires : |
| Name of producer, publisher, distributor, manufacturer | Ediciones Macchi |
| Date of production, publication, distribution, manufacture, or copyright notice | 1981 |
| 300 ## - PHYSICAL DESCRIPTION | |
| Extent | 211 p. |
| Dimensions | 22 cm. |
| 505 ## - FORMATTED CONTENTS NOTE | |
| Formatted contents note | 1. La filosofía en el problema de la vivienda - 2. Las sociedades de ahorro y préstamo - 3. El spread, la inflación y el canje - 4. La demanda de vivienda - 5. Evolución de prestamos y depósitos de las AAP(1968-1987) - 6. El sistema de ahorro y préstamo de los Estados Unidos - 7. El sistema de ahorro y préstamo en la Argentina - 8. La función socio-económica de las sociedades de ahorro y préstamo - 9. Objetivos del trabajo - 10. El marco teórico-conceptual - 11. El marco institucional - 12. Análisis microeconómico de las sociedades de ahorro y préstamo como intermediarios financieros - 13. Resumen del estado actual del sistema desde la perspectiva micro y macro-financiera - 14. El futuro del sistema. Resumen y conclusiones |
| 590 ## - LOCAL NOTE (RLIN) | |
| Local note | niveau_biblio:m niveau_hierar:0 |
| 700 1# - ADDED ENTRY--PERSONAL NAME | |
| Personal name | López Santiso, Horacio |
| 700 1# - ADDED ENTRY--PERSONAL NAME | |
| Personal name | Messuti, Domingo Jorge |
| 942 ## - ADDED ENTRY ELEMENTS (KOHA) | |
| Koha item type | |
| Withdrawn status | Lost status | Damaged status | Not for loan | Home library | Current library | Shelving location | Date acquired | Total checkouts | Full call number | Barcode | Date last seen | Price effective from | Koha item type |
|---|---|---|---|---|---|---|---|---|---|---|---|---|---|
| Biblioteca Prof. Eusebio Cleto del Rey | Biblioteca Prof. Eusebio Cleto del Rey | 07/04/2026 | 330.567.2 R482 | L39004 | 07/04/2026 | 07/04/2026 | Libro | ||||||
| Biblioteca Prof. Eusebio Cleto del Rey | Biblioteca Prof. Eusebio Cleto del Rey | 07/04/2026 | 330.567.2 R482 | L39003 | 07/04/2026 | 07/04/2026 | Libro |